000 01547cam a22004454i 4500
003 PE-LiUPU
005 20250731172712.0
008 150617s r 000 0 d
035 _a(Sirsi) a10637
040 _aPE-LiUPU
_bspa
_cPE-LiUPU
_erda
049 _aPRUA
082 0 4 _a220.36
_bG48
_221
100 1 _aGilbertson, Merrill T.,
_eautor.
245 1 4 _aThe way it was in bible times /
_cMerill T. Gilbertson.
264 1 _aMinnesota :
_bAugsburg publishing House,
_c1959.
300 _a144 páginas ;
_c20 cm.
336 _atext
_2rdacontent
337 _aunmediated
_2rdamedia
338 _avolume
_2rdacarrier
505 0 _aHouses of hair -- Breaking bread -- Your cloak also -- Customs at home -- Alms and altars -- Holy days -- Propheet and priest -- Daily work -- How much, how far -- Teaching traditions.
526 _aSEG42
526 _aSEG41
526 _aSEG40
526 _aSEG39
526 _aP94
526 _aP87
526 _aP86
526 _aP85
526 _aP77
526 _aP76
526 _aP35
630 _aBIBLIA
_xDICCIONARIOS.
910 _ajck
_bjvq
_cjck
_d20150616
942 _2ddc
_cBOOK
949 _a220.36 G48
_wDEWEY
_c1
_i09131
_lCCODEBUL1
_mBUL
_p00.00
_r0
_sY
_tBOOK
_u2015-04-21
_xTEOLOGIA
_PP35
_0COMPRA
_o.STAFF. Colección General
994 _aC0
_bPEPRU
596 _a1
999 _a220.36 G48
_wDEWEY
_c706
_i09131
_f2021-11-9
_g5
_lCCODEBUL1
_mBUL
_r0
_sY
_tBOOK
_u2015-4-21
_xTEOLOGIA
_PP35
_0COMPRA
_o.STAFF. Colección General
_d706
980 _81
_gALBERTO SANCHEZ Responsable de Automatización